Artibus Asiae. Supplementum
محفوظ في:
التنسيق: دورية
اللغة: Undetermined
منشور في:
JSTOR
Artibus Asiae Publishers
الموضوعات:
الوصول للمادة أونلاين: Login to view Source
الوسوم: إضافة وسم
لا توجد وسوم, كن أول من يضع وسما على هذه التسجيلة!
رقم الطلب:
| LEADER | 00565nas a2200193Ia 4500 | ||
|---|---|---|---|
| 008 | 220214c99999999xx |||||||||||| ||und|| | ||
| 022 | |a 1423-0526 | ||
| 022 | |a 2296-4223 | ||
| 245 | 0 | 0 | |a Artibus Asiae. Supplementum |
| 264 | 1 | |b JSTOR | |
| 264 | 1 | |b Artibus Asiae Publishers | |
| 362 | 0 | |a Vol. 1(1937)-47 (2006) | |
| 653 | 1 | 0 | |a Art & Art History |
| 653 | 1 | 0 | |a Arts |
| 653 | 1 | 0 | |a Asian Studies |
| 856 | 4 | 0 | |u https://www.jstor.org/journal/artiasiasupp |
| 942 | |c JL | ||
| 952 | |0 0 |1 0 |4 0 |7 1 |9 34065 |a JSR |b JSR |d 2022-02-14 |l 0 |r 2022-02-14 00:00:00 |w 2022-02-14 |y JL | ||
| 999 | |c 42398 |d 42398 | ||
